000 00456nam a2200169Ia 4500
003 LK-CoDNM
005 20240912113406.0
008 010623t1898 xxu||||| |||| 00| 1 eng d
040 _aLK-CoDNM
_dLK-CoDNM
_eLK-CoDNM
041 _aeng
080 _a6
_bN22
100 _aGeiger, Wilhelm
245 _aCeylon :Tagebuchblatter und Reiseerinnerungen
260 _bO.W. Kredidel's verlag
_aWiesbaden
_c1898
300 _bxi, 213p. : ill ; 28 cm
942 _cBK
999 _c84586
_d84586